00646nam a2200169 a 450000100100000000500170001000800410002704000250006811000440009324500640013726000620020130000440026370000380030704900090034595201050035499900170045900003113320200930062727.0110614s2004 dr acd 000 0 spa d aDO-SdBNPbspacBNPHU1 aFandación de Apoyo al Suroeste95760710aMemoria anual 2004 /cEduardo Félix Luperón...[et. al]. a[Santo Domingo] :bFAS,c[2004].fEditora Amigo del Hogar a59 p. :bil., gráf., retrs. ;c28 cm.1 aLuperón, Eduardo Félix957608 aBNPD 0010718PDaPDbPDcCTd2011-06-14iLF1l0o p31133-10r2020-06-25w2020-06-25yLFPDZNo se presta c30625d30625